| 000 | 00340 a2200145 4500 | ||
|---|---|---|---|
| 001 | 92079 | ||
| 082 | _a891.4393 HAS | ||
| 090 |
_c44039 _d44038 |
||
| 100 | _aSyed Ashraf Hussain Razvi | ||
| 245 | _aBegmath K Aansoo | ||
| 250 | _a1 | ||
| 260 |
_aJhelum _bBook Corner Showroom _c2014 |
||
| 300 |
_a184p. _bPb |
||
| 500 | _aGeneral Book | ||
| 942 |
_aCAE NUST _k891.4393 HAS |
||
| 999 |
_c327152 _d327152 |
||